|
|
|
|
| LEADER |
00000nas a2200000 a 4500 |
| 001 |
ssj0001036355 |
| 003 |
WaSeSS |
| 005 |
20200512172242.0 |
| 006 |
m d |
| 007 |
cr n |
| 008 |
110615u200uuuuupk mr p s | 0eng |
| 010 |
|
|
|a 2011313131
|
| 035 |
|
|
|a (WaSeSS)ssj0001036355
|
| 040 |
|
|
|a DLC
|b eng
|c DLC
|d DLC
|d OCLCF
|d AU@
|d OCLCO
|d OCLCA
|d WaSeSS
|
| 042 |
|
|
|a pcc
|
| 043 |
|
|
|a a-pk---
|
| 050 |
0 |
0 |
|a HQ774
|b .N87
|
| 130 |
0 |
|
|a Nurture (Karachi, Pakistan)
|
| 245 |
1 |
0 |
|a Nurture
|h [electronic resource] :
|b Pakistan's pioneer publication on early childhood development.
|
| 260 |
|
|
|a Karachi :
|b Sindh Education Foundation
|
| 310 |
|
|
|a Monthly
|
| 506 |
|
|
|a License restrictions may limit access.
|
| 588 |
|
|
|a Description based on: Issue no. ix (Sep. 2010).
|
| 650 |
|
0 |
|a Infants
|x Development
|z Pakistan
|v Periodicals.
|
| 650 |
|
0 |
|a Child development
|z Pakistan
|v Periodicals.
|
| 650 |
|
7 |
|a Child development.
|2 fast
|0 (OCoLC)fst00854393
|
| 650 |
|
7 |
|a Infants
|x Development.
|2 fast
|0 (OCoLC)fst00972122
|
| 651 |
|
7 |
|a Pakistan.
|2 fast
|0 (OCoLC)fst01210275
|
| 655 |
|
0 |
|a Electronic journals.
|
| 710 |
2 |
|
|a Sindh Education Foundation.
|
| 850 |
|
|
|a DLC
|
| 856 |
4 |
0 |
|z Full text available from Research Library: 01/01/2007 to 12/31/2014
|u https://search.proquest.com/publication/51697
|
| 856 |
4 |
0 |
|z Full text available from Research Library: 01/01/2016 to present
|u https://search.proquest.com/publication/51697
|